Bài tập lịch sử 10
Bài tập Lịch sử 10 gồm có 3 phần chính: lịch sử thế giới thời nguyên thủy, cổ đại và trung đại; lịch sử Việt Nam từ nguồn gốc đến giữa thế kỉ XIX; lịch sử thế giới cận đại.
Gardado en:
| Autor Principal: | |
|---|---|
| Formato: | Libro |
| Idioma: | Undetermined |
| Publicado: |
Hà Nội
Giáo dục Việt Nam
2016
|
| Những chủ đề: | |
| Các nhãn: |
Engadir etiqueta
Sen Etiquetas, Sexa o primeiro en etiquetar este rexistro!
|
| Thư viện lưu trữ: | Trung tâm Học liệu Trường Đại học Cần Thơ |
|---|
| LEADER | 00977nam a2200217Ia 4500 | ||
|---|---|---|---|
| 001 | CTU_216393 | ||
| 008 | 210402s9999 xx 000 0 und d | ||
| 020 | |c 10900 | ||
| 082 | |a 907.12 | ||
| 082 | |b T513 | ||
| 100 | |a Trịnh, Đình Tùng | ||
| 245 | 0 | |a Bài tập lịch sử 10 | |
| 245 | 0 | |c Trịnh Đình Tùng (Chủ biên), Trần Thị Thái Hà, Nông Thị Huệ | |
| 260 | |a Hà Nội | ||
| 260 | |b Giáo dục Việt Nam | ||
| 260 | |c 2016 | ||
| 520 | |a Bài tập Lịch sử 10 gồm có 3 phần chính: lịch sử thế giới thời nguyên thủy, cổ đại và trung đại; lịch sử Việt Nam từ nguồn gốc đến giữa thế kỉ XIX; lịch sử thế giới cận đại. | ||
| 650 | |a History,Lịch sử | ||
| 650 | |x Study and teaching (Secondary),Dạy và học (Trung học) | ||
| 904 | |i Hải | ||
| 980 | |a Trung tâm Học liệu Trường Đại học Cần Thơ | ||